01454 2200421 4500001002100000005001500021035002000036007000300056008004100059020002200100040002200122082001600144084001600160090002000176090002200196100003400218245022300252250002600475300003800501650004200539700002500581700002700606700003100633700003100664700002300695700003000718700003200748700002800780700003200808850001200840504002900852264003300881336002100914337003000935338002300965999002200988990002201010INLIS00000000085097420190925095210 a0010-0919000247ta190920s2019 yoia d | ind d a978-602-407-529-3 aYOPDYOGbinderda04223a378.076 a378.076 JUR aDEP 378.076 JUR aCB-D.11 2019-12820 aSestri Nela KurniaePengarang1 aJurus tuntas kuasai SBMPTN IPC saintek & soshum 2020 /cSestri Nela Kurnia, Kafa Biha, Kukuh Prasetiyo, Eka Meirina, Mika Ambarawati, Noviati, Dede Wulansari, Yuke Pramaharani, Iwan Kuswidi; penyunting, Farel Kurniawan aCetakan pertama, 2019 a316 halaman :bilustrasi ;c26 cm 4aPerguruan Tinggi--vUjian, soal, dsb.0 aKafa BihaePengarang0 aEka MeirinaePengarang0 aMika AmbarawatiePengarang0 aKukuh PrasetiyoePengarang0 aNoviatiePengarang0 aDede WulansariePengarang0 aYuke PramaharaniePengarang0 aIwan KuswidiePengarang0 aFarel KurniawanePenyunting aYOPDYOG aBibliografi: halaman 31331aYogyakarta :bLaksana,c2019 2rdacontentateks 2rdamediaatanpa perantara 2rdacarrieravolume aCB-D.11/2019-1282 aCB-D.11/2019-1282